000
00285nam a2200109Ia 4500
008
200302s9999 xx 000 0 und d
100
_a
Walter A. Rutes & Other
245
_a
Hotel Design Planning and Devilopment
260
_b
PBC International Inc.,
260
_c
1988
300
_a
422 P.,
999
_c
1488
_d
1488